[Event "Regionalliga NW 9495"]
[Site "Bayern"]
[Date "1995.??.??"]
[Round "?.2"]
[White "Scherer, Thomas"]
[Black "Becker, Thomas"]
[Result "1-0"]
[WhiteElo "1950"]
[BlackElo "2220"]
[PlyCount "90"]
[EventDate "1994.10.??"]
[EventType "team-tourn"]
[EventRounds "9"]
[EventCountry "GER"]
[SourceTitle "EXT 1999"]
[Source "ChessBase"]
[SourceDate "1998.11.16"]
[SourceVersion "1"]
[SourceVersionDate "1998.11.16"]
[SourceQuality "1"]
[WhiteTeam "Grossw"]
[BlackTeam "Obernburg"]
[WhiteTeamCountry "GER"]
[BlackTeamCountry "GER"]

1. e4 c5 2. Nf3 d6 3. d4 cxd4 4. Nxd4 Nf6 5. Nc3 a6 6. Be2 e6 7. 0-0 Be7 8. a4 Nc6 9. Be3 Qc7 10. Nb3 Na5 11. Nd2 0-0 12. f4 b6 13. Qe1 Bb7 14. Qf2 Nd7 15. Rfd1 Rab8 16. Qf1 Bf6 17. Ra3 Ra8 18. Qf2 Rfe8 19. Nf3 Be7 20. Raa1 Nc6 21. Rd2 Rad8 22. Rad1 Nc5 23. h3 Nb4 24. e5 Bc6 25. a5 Nd5 26. axb6 Qxb6 27. exd6 Nxe3 28. Qxe3 Bf6 29. Ne5 Bb7 30. Kh2 Qa5 31. b4 Qxb4 32. Rb1 Qa3 33. Bf3 Bxf3 34. Qxf3 Nd7 35. Rb3 Qc5 36. Ne4 Nxe5 37. Nxc5 Nxf3+ 38. Rxf3 e5 39. Ne4 Re6 40. f5 Ree8 41. c4 Rd7 42. Ra3 Rc8 43. c5 Rc6 44. Rb2 Bd8 45. Rb8 g6 1-0